| 000 | 00370nam a22001457a 4500 | ||
|---|---|---|---|
| 020 | _qPB. | ||
| 040 | _cFIZZA ISHAQ | ||
| 082 |
_a006.3 _bNIL |
||
| 100 |
_aNILSON, J. NILS. _989594 |
||
| 245 |
_aARTIFICIAL INTELLIGENCE A NEW SYNTHESIS / _cNILS J. NILSON. |
||
| 250 | _a1st ED. | ||
| 260 |
_bMORGAN KAUFMANN, _c1998. |
||
| 300 | _a513 P. ; | ||
| 942 |
_2ddc _cBK |
||
| 999 |
_c588256 _d588256 |
||